01087cam a2200289 i 450000100090000000300090000900500170001800800410003502000290007604000340010508200240013910000390016324500710020226400530027330000570032633600280038333700290041133800280044050400520046865000380052065100100055865300250056865500170059394200120061099900170062295201580063917657960EG-ScBUE20260414134347.0130313s2013 nyua f b f001 0 eng d a9780521769419 (hardback) aDLCbengerdacDLCdEG-ScBUE 04a573.860113222bRAO1 aRao, Rajesh P. N.,eauthor.93881410aBrain-computer interfacing :ban introduction /cRajesh P. N. Rao. 1aNew York : bCambridge University Press, c2013. axv, 319 pages :billustrations (some color) ;c27 cm 2rdacontentatext btxt  2rdamediaaunmediated bn 2rdacarrieravolume bnc aIncludes bibliographical references and index.  7aBrain-computer interfaces.2BUEsh 2BUEsh bCOMSCIcDecember2015 vReading book 2ddccBB c20525d20497 00102ddc40708BaccahaMAINbMAINc1STd2015-08-16ePurchaseg700.00h875l1m5o573.860113 RAOp000030806r2025-07-15 00:00:00s2015-12-16v875.00yBB